000 00260nam a2200121Ia 4500
008 190216s9999||||xx |||||||||||||| ||und||
100 _aDutta
245 0 _aBotany
260 _bOxford University Press
_c1968
300 _a798p
650 _aBotany
942 _cBK
999 _c1279
_d1279